| LDR | | 01229nmm c2200385 c 4500 |
| 001 | | 000000338994 |
| 005 | | 20251104112254 |
| 007 | | cz zz |
| 008 | | 250509s2025 ulk d a kor |
| 020 | |
▼a 9791194831020(전자책)
▼g 05100 |
| 020 | |
▼a 9791192488585(종이책)
▼g 03100 |
| 040 | |
▼a 248032
▼c 248032
▼d 248032 |
| 041 | 1 |
▼a kor
▼h jpn |
| 049 | 0 |
▼l EM36926 |
| 056 | |
▼a 600.1
▼2 4 |
| 082 | |
▼a 701.17
▼2 21 |
| 090 | |
▼a 600.1
▼b 지42ㅅ |
| 245 | 00 |
▼a 센스의 철학
▼h [전자책] :
▼b 예술과 일상을 대하는 세련된 감각 /
▼d 지바 마사야 지음 ;
▼e 전경아 옮김 |
| 246 | 19 |
▼a センスの哲學 |
| 256 | |
▼a 전자 데이터 |
| 260 | |
▼a 서울 :
▼b 베가북스,
▼c 2025 :
▼f (YES24,
▼g 2025) |
| 300 | |
▼a 전자책 1책 :
▼b 천연색 |
| 500 | |
▼a 원저자명: 千葉雅也 |
| 516 | |
▼a ePub |
| 530 | |
▼a 책자형태로도 발행: ISBN 9791192488585 |
| 653 | |
▼a 예술
▼a 미학
▼a 센스 |
| 700 | 1 |
▼a 지바 마사야,
▼d 1978- |
| 700 | 1 |
▼a 전경아 |
| 776 | 0 |
▼t 센스의 철학,
▼z 9791192488585 |
| 856 | 40 |
▼u http://lib.kaya.ac.kr/relation/yes24 |
| 900 | 11 |
▼a 千葉雅也,
▼d 1978- |
| 900 | 11 |
▼a 천엽아야,
▼d 1978- |
| 900 | 11 |
▼a Chiba, Masaya,
▼d 1978- |
| 950 | 0 |
▼b \25630 |
| 953 | |
▼a E-Book |
| 990 | |
▼a 관리자 |